| 000 | 00524nam a22001937a 4500 | ||
|---|---|---|---|
| 003 | OSt | ||
| 005 | 20230922134418.0 | ||
| 008 | 230922b |||||||| |||| 00| 0 eng d | ||
| 020 | _a9789970992102 | ||
| 040 | _cDDC | ||
| 082 | _a373 AHI 2019 | ||
| 100 | _4Ahimbisibwe, Humhrey K.B | ||
| 245 | _aManageing causes of Strikes in Secondary schools | ||
| 260 |
_aMbarara _bAudit Book Center, _c2019 |
||
| 300 |
_axxi,69p; ill: _c20cm |
||
| 500 | _aReferences included | ||
| 650 |
_aSchool strikes _916649 |
||
| 942 |
_2z _cO_SHELF |
||
| 999 |
_c8155 _d8155 |
||